Historia; el mundo contemporáneo. documentos y testimonios /
Guardado en:
| Autor Principal: | |
|---|---|
| Formato: | Libro |
| Publicado: |
Buenos Aires :
Aique,
1999
|
| Materias: | |
| Etiquetas: |
Agregar Etiqueta
Sin Etiquetas, Sea el primero en etiquetar este registro!
|
| LEADER | 00808nam a22002175a 4500 | ||
|---|---|---|---|
| 001 | CEM.cems016420 | ||
| 005 | 20130429124714.0 | ||
| 008 | 130507s1999##################000#0#####d | ||
| 003 | CEMS | ||
| 020 | |a 95070151839507015205 | ||
| 082 | 0 | 4 | |a 940.5 |
| 100 | 1 | |a Alonso, María Ernestina | |
| 245 | 1 | 0 | |a Historia; el mundo contemporáneo. documentos y testimonios / |c María Ernestina Alonso, Enrique Carlos Vázquez y Analía Giavon |
| 260 | |a Buenos Aires : |b Aique, |c 1999 | ||
| 300 | |a 62 p. | ||
| 653 | |a Historia | ||
| 653 | |a Historia contemporánea-polimodal | ||
| 653 | |a Historia-polimodal | ||
| 859 | |a CEMS |b BIB. CEMS - Agricultura |h 940.5 |i Al722-3 |p A0105.00 |t Ej.1 | ||
| 859 | |a CEMS |b BIB. CEMS - Agricultura |h 940.5 |i Al722-3 |p A0235.00 |t Ej.2 | ||
| 859 | |a CEMS |b BIB. CEMS - Agricultura |h 940.5 |i Al722-3 |p A0465.03 |t Ej.3 | ||
